00429nam a2200157Ia 45000010006000000050017000060080041000230410008000640820018000721000035000902450093001252600009002183000028002276500008002556540008002632469720260414151100.0260414t2009||||xx |||||||||||||| ||spa|| aESP a345.725bB135 aBenites Ramírez, JunioreAUT 0aEl derecho a la tutela cautelar en el derecho procesal civil y procesal constitucionalb c2009 a136 páginas :c24 cm. aDER aCDE